[Event "TCh-TUR Super League 2015"]
[Site "Kocaeli TUR"]
[Date "2015.08.14"]
[Round "12.6"]
[Board "6.6"]
[White "Buyukasik, Diyap"]
[Black "Yaran, Siar"]
[Result "0-1"]
[BlackTitle "CM"]
[WhiteElo "2074"]
[BlackElo "2179"]
[WhiteTeam "Hatay Buyuksehir Belediyesi Genclik Sports Club"]
[BlackTeam "Kahramanmaras Buyuksehir Belediye Sports Club"]
[WhiteFideId "6319602"]
[BlackFideId "6323006"]
[EventDate "2015.08.04"]

1. d4 Nf6 2. Nf3 c5 3. c3 e6 4. g3 b6 5. Bg2 Bb7 6. O-O Be7 7. Bf4 O-O 8. Re1 d5
9. Ne5 Nc6 10. Nxc6 Bxc6 11. Nd2 Qc8 12. Nf3 Rd8 13. Ne5 Be8 14. Qd3 Qb7 15. Bg5
Rac8 16. Rad1 b5 17. dxc5 Rxc5 18. Qb1 a5 19. a3 Rcc8 20. Nd3 Qc7 21. Bf4 Bd6
22. Bg5 Qe7 23. Be3 Rc4 24. Bf4 e5 25. Bg5 Bb8 26. b3 Rcc8 27. b4 Rxc3 28. bxa5
Rxa3 29. Nb4 d4 30. e3 Ba7 31. Nd5 Qe6 32. Nc7 Qa2 33. Nxe8 Rxe8 34. Bxf6 Qxb1
35. Rxb1 dxe3 36. fxe3 gxf6 37. Rxb5 Bxe3+ 38. Kf1 Rc8 39. Be4 Rcc3 40. Kg2 Ra2+
41. Kh3 h5 42. Rh1 Rd2 43. Ra1 Bd4 44. Rf1 Bf2 45. a6 Ra3 46. Rd5 Rb2 47. Rd8+
Kg7 48. Bd5 Rxa6 49. Rd7 Ra7 50. Rd6 Rd2 51. Rc6 Ra3 52. Rc7 Rxd5 53. Rxf2 Rd6
54. Rb2 f5 55. Kh4 Kg6 56. Rbb7 Ra4+ 57. Kh3 Rf6 58. Re7 e4 59. Re8 f4 60. gxf4
Rxf4 61. Rg8+ Kh7 62. Rg3 Ra5 63. Re7 Raf5 64. Kg2 h4 65. Re3 Rf2+ 66. Kg1 Rf1+
67. Kg2 R1f2+ 68. Kg1 R2f3 69. Rxf3 Rxf3 70. Rxe4 h3 71. Rg4 Kh6 72. Rg8 Kh5 73.
Rg7 f6 74. Rg8 Rf5 75. Rg3 Kh4 76. Rg6 Rf4 77. Rg8 Rf3 78. Rg6 f5 79. Rg8 Ra3
80. Kf2 Rb3 81. Rg7 Ra3 82. Rg8 Ra1 83. Kf3 Rf1+ 84. Ke2 Rh1 85. Kf3 Rxh2 86.
Rh8+ Kg5 87. Kg3 Rh1 88. Rxh3 Rxh3+ 0-1

[Event "TCh-TUR Super League 2015"]
[Site "Kocaeli TUR"]
[Date "2015.08.14"]
[Round "12.6"]
[Board "6.7"]
[White "Karaoglan, Kivanc"]
[Black "Temizkan, Denizcan"]
[Result "1/2-1/2"]
[BlackTitle "FM"]
[WhiteElo "1981"]
[BlackElo "1906"]
[WhiteTeam "Kahramanmaras Buyuksehir Belediye Sports Club"]
[BlackTeam "Hatay Buyuksehir Belediyesi Genclik Sports Club"]
[WhiteFideId "6329152"]
[BlackFideId "6325157"]
[EventDate "2015.08.04"]

1. d4 d5 2. c4 e6 3. Nf3 Nf6 4. cxd5 exd5 5. Nc3 c6 6. Bg5 Nbd7 7. e3 Be7 8. Bd3
O-O 9. Qc2 Re8 10. O-O Nf8 11. h3 Bd6 12. Rfe1 h6 13. Bxf6 Qxf6 14. e4 dxe4 15.
Nxe4 Qd8 16. Nxd6 Rxe1+ 17. Rxe1 Qxd6 18. Re8 g6 19. Qc5 Qxc5 20. dxc5 Kg7 21.
Bc4 b5 22. cxb6 axb6 23. Ne5 b5 24. Bb3 Bb7 25. Re7 Kf6 26. Rxb7 Kxe5 27. Rxf7
Kd4 28. Kf1 c5 29. a3 Kd3 30. Ke1 c4 31. Rf3+ Kd4 32. Bc2 Nd7 33. Bxg6 Rg8 34.
Bf5 Nc5 35. g4 Na4 36. b3 Nc5 37. bxc4 bxc4 38. Kd2 Nb3+ 39. Kc2 Kc5 40. Re3
Nd4+ 41. Kd2 Rb8 42. Kc1 Nb3+ 43. Kd1 Ra8 44. f4 Rxa3 45. g5 hxg5 46. fxg5 Ra1+
47. Kc2 Kb4 48. Kb2 Rg1 49. g6 Rg2+ 50. Bc2 Nd4 51. Re4 Rxc2+ 52. Kb1 Rg2 53.
Rxd4 Rxg6 54. Rg4 Rf6 55. Rg3 Rf2 56. Kc1 Rh2 57. Rf3 c3 58. Rf8 Rxh3 59. Rb8+ 1/2-1/2

[Event "TCh-TUR Super League 2015"]
[Site "Kocaeli TUR"]
[Date "2015.08.14"]
[Round "12.6"]
[Board "6.8"]
[White "Micoogullari, Lara"]
[Black "Ayan, Bengu Sena"]
[Result "1-0"]
[WhiteElo "1668"]
[BlackElo "1693"]
[WhiteTeam "Hatay Buyuksehir Belediyesi Genclik Sports Club"]
[BlackTeam "Kahramanmaras Buyuksehir Belediye Sports Club"]
[WhiteFideId "6344968"]
[BlackFideId "6346120"]
[EventDate "2015.08.04"]

1. Nf3 d5 2. g3 c6 3. Bg2 Nf6 4. O-O Nbd7 5. d3 e5 6. Nbd2 Bd6 7. e4 dxe4 8.
dxe4 O-O 9. b3 Nb6 10. Qe2 Qc7 11. Bb2 Bg4 12. h3 Bh5 13. Qe3 Rad8 14. Nh4 Nfd7
15. Ndf3 f6 16. Nf5 Bc5 17. Qc3 Bf7 18. Rad1 Rfe8 19. Bc1 Bf8 20. N3h4 Nc5 21.
Kh2 Ne6 22. a4 Nc8 23. Be3 c5 24. Bc1 Ne7 25. Nxe7+ Bxe7 26. Nf5 Bf8 27. Ba3 Qc8
28. Bc1 Nd4 29. Ne3 Ne2 30. Qb2 Nxc1 31. Qxc1 a6 32. Nd5 b5 33. c4 Qc6 34. axb5
axb5 35. cxb5 Qxb5 36. Nc7 Qxb3 37. Nxe8 Rxd1 38. Qxd1 Qxd1 39. Nxf6+ gxf6 40.
Rxd1 c4 41. Rd8 Kg7 42. Rc8 Bb4 43. Bf1 c3 44. Bd3 Bh5 45. Kg2 Bd1 46. Rb8 Ba3
47. Rc8 Bb2 48. Kf1 Kg6 49. Ke1 Ba4 50. h4 h6 51. Ke2 Kg7 52. Bb1 Kg6 53. Rc5
Kf7 54. Kd3 Bd1 55. Bc2 Bf3 56. Ke3 Bg4 57. Bb3+ Kg6 58. Rc7 f5 59. f3 Bh3 60.
Bc2 fxe4 61. Bxe4+ Kf6 62. Rc6+ Kf7 63. g4 Bf1 64. Bd3 Bxd3 65. Kxd3 Kg7 66. Kc2
Ba3 67. Kxc3 Be7 68. h5 Bg5 69. Kd3 Bf4 70. Ke4 Kf7 71. Kf5 Kg7 72. Re6 Kf7 73.
Rg6 Ke7 74. Re6+ Kf7 75. Rxe5 Bxe5 76. Kxe5 Ke7 77. f4 Kf7 78. f5 Ke7 79. f6+
Kf8 80. Kf4 Kg8 81. Ke5 Kf7 82. Kf5 Kg8 83. Kg6 Kh8 84. Kxh6 Kg8 85. g5 Kh8 86.
g6 Kg8 87. g7 1-0

[Event "TCh-TUR Super League 2015"]
[Site "Kocaeli TUR"]
[Date "2015.08.14"]
[Round "12.7"]
[Board "7.1"]
[White "Berkes, Ferenc"]
[Black "Volkov, Sergey"]
[Result "1/2-1/2"]
[WhiteTitle "GM"]
[BlackTitle "GM"]
[WhiteElo "2659"]
[BlackElo "2589"]
[WhiteTeam "T.S Alyans Satranc Sports Club"]
[BlackTeam "Kocaeli Buyuksehir Belediyesi Kagit Sports Club"]
[WhiteFideId "718572"]
[BlackFideId "4122763"]
[EventDate "2015.08.04"]

1. d4 d5 2. c4 c6 3. Nf3 Nf6 4. e3 Bf5 5. Nc3 e6 6. Nh4 Bg6 7. Qb3 Qc7 8. Nxg6
hxg6 9. g3 Nbd7 10. Bg2 Be7 11. O-O O-O 12. Bd2 Nb6 13. cxd5 cxd5 14. Rfc1 Nc4
15. Be1 Qd7 16. e4 Na5 17. Qd1 Nc6 18. e5 Nh7 19. a3 Rfc8 20. b4 Nf8 21. Bf1 Qd8
22. Na4 Nd7 23. Rab1 Bf8 24. h4 Rab8 25. Bb5 Nb6 26. Nb2 Ne7 27. a4 Nf5 28. a5
Nc4 29. Nxc4 dxc4 30. Bxc4 Qxd4 31. Qxd4 Nxd4 32. Kg2 Rc7 33. Bd3 Rxc1 34. Rxc1
Nc6 35. Be4 Bxb4 36. a6 Bxe1 37. Rxe1 Nxe5 38. axb7 Nd7 39. Ra1 Kf8 40. Rxa7 Ke7
41. Ra1 Kd6 42. Rd1+ Kc7 43. Rc1+ Kd8 44. f4 Nf6 45. Bc6 Nd5 46. Rd1 Kc7 47.
Bxd5 exd5 48. Rxd5 Rxb7 49. Kh3 Rb6 50. f5 Kc6 51. Ra5 gxf5 52. Rxf5 Rb7 53. h5
Kd6 54. g4 1/2-1/2

[Event "TCh-TUR Super League 2015"]
[Site "Kocaeli TUR"]
[Date "2015.08.14"]
[Round "12.7"]
[Board "7.2"]
[White "Ari, Zeki"]
[Black "Haznedaroglu, Kivanc"]
[Result "0-1"]
[WhiteTitle "FM"]
[BlackTitle "GM"]
[WhiteElo "2192"]
[BlackElo "2451"]
[WhiteTeam "Kocaeli Buyuksehir Belediyesi Kagit Sports Club"]
[BlackTeam "T.S Alyans Satranc Sports Club"]
[WhiteFideId "6300421"]
[BlackFideId "6300634"]
[EventDate "2015.08.04"]

1. e4 e5 2. Nf3 Nc6 3. Bb5 a6 4. Ba4 Nf6 5. O-O Be7 6. Re1 b5 7. Bb3 d6 8. c3
O-O 9. d4 Bg4 10. Be3 exd4 11. cxd4 d5 12. e5 Ne4 13. Nc3 Nxc3 14. bxc3 Qd7 15.
Bc2 Bf5 16. Bg5 Bxg5 17. Nxg5 h6 18. Nf3 Na5 19. Nh4 Bxc2 20. Qxc2 Nc4 21. f4
Qg4 22. Qf2 f5 23. Rad1 a5 24. Rd3 Ra6 25. Rg3 Qh5 26. e6 Nd6 27. e7 Re8 28. Rg6
Ne4 29. Rxe4 Rxg6 30. Re5 Rf6 31. h3 Qf7 32. Qe3 g6 33. Kh2 b4 34. cxb4 axb4 35.
Nf3 Rd6 36. Qb3 Rxe7 37. Qxb4 Rxe5 38. Nxe5 Qf6 39. Qb5 Qd8 40. a4 Rb6 41. Qd3
Qh4 42. Qe3 Re6 43. Qc1 Qe7 44. Qc3 g5 45. Qb3 Rd6 46. a5 gxf4 47. Qb7 f3 48.
gxf3 Qd8 49. Qb5 Kg7 50. a6 Rb6 51. Qe2 Qh4 52. a7 Qf4+ 53. Kg2 Qxd4 54. a8=Q
Rb2 55. Qa6 Qxe5 56. Qxb2 Qxb2+ 57. Kg3 Qb6 58. Qc8 Qg1+ 59. Kf4 Qd4+ 60. Kg3
f4+ 61. Kg4 Qg1+ 62. Kf5 Qg6+ 63. Ke5 Qd6+ 64. Kd4 Kf7 65. Qf5+ Qf6+ 66. Qxf6+
Kxf6 67. Kxd5 Kg5 68. Ke5 c5 69. h4+ Kxh4 70. Kxf4 c4 71. Ke5 0-1

[Event "TCh-TUR Super League 2015"]
[Site "Kocaeli TUR"]
[Date "2015.08.14"]
[Round "12.7"]
[Board "7.3"]
[White "Arduman, Can"]
[Black "Ersahin, Bulent"]
[Result "1/2-1/2"]
[WhiteTitle "IM"]
[WhiteElo "2328"]
[BlackElo "2171"]
[WhiteTeam "T.S Alyans Satranc Sports Club"]
[BlackTeam "Kocaeli Buyuksehir Belediyesi Kagit Sports Club"]
[WhiteFideId "6300022"]
[BlackFideId "6302670"]
[EventDate "2015.08.04"]

1. Nf3 Nf6 2. g3 g6 3. Bg2 Bg7 4. O-O O-O 5. c4 d6 6. Nc3 c5 7. d4 Nc6 8. dxc5
dxc5 9. Be3 Be6 10. Bxc5 Bxc4 11. Qa4 Ba6 12. Rfd1 Qc8 13. Rac1 Rd8 14. Rxd8+
Qxd8 15. Rd1 Qe8 16. Nd4 Nxd4 17. Qxd4 e6 18. Qd2 Ng4 19. Qd7 Ne5 20. Qxe8+ Rxe8
21. Bxa7 Nc4 22. Rd7 Nxb2 23. Ne4 Rc8 24. Bf3 Nc4 25. Nd6 Nxd6 26. Rxd6 Bf6 27.
Rd7 Rc2 28. a3 Rc3 29. a4 Ra3 30. Bxb7 Bxb7 31. Rxb7 Rxa4 1/2-1/2

[Event "TCh-TUR Super League 2015"]
[Site "Kocaeli TUR"]
[Date "2015.08.14"]
[Round "12.7"]
[Board "7.4"]
[White "Kilic, Efe Mert"]
[Black "Sirin, Atakan"]
[Result "0-1"]
[WhiteElo "1816"]
[BlackElo "2243"]
[WhiteTeam "Kocaeli Buyuksehir Belediyesi Kagit Sports Club"]
[BlackTeam "T.S Alyans Satranc Sports Club"]
[WhiteFideId "6354327"]
[BlackFideId "6303307"]
[EventDate "2015.08.04"]

1. e4 c5 2. c3 Qa5 3. Na3 e6 4. Nf3 Nc6 5. Nc4 Qc7 6. d4 d5 7. exd5 exd5 8. Nce5
Bd6 9. Qa4 Ne7 10. Nxc6 bxc6 11. Be2 c4 12. b3 cxb3 13. axb3 O-O 14. O-O Ng6 15.
Re1 Re8 16. Ba3 Bg4 17. Bxd6 Qxd6 18. Bd1 Rxe1+ 19. Nxe1 Bxd1 20. Rxd1 Nf4 21.
Kf1 Qg6 22. Rd2 Re8 23. Qa1 Qh5 24. h3 Qg6 25. Qc1 h6 26. c4 Qg5 27. Qc3 Qg6 28.
Qf3 Re4 29. Nc2 Ne6 30. Qc3 Nf4 31. Ne3 Re8 32. Qc2 Qd6 33. c5 Qb8 34. Qc3 Qb5+
35. Ke1 Nxg2+ 36. Kd1 Nxe3+ 37. fxe3 Qf1+ 38. Kc2 Qxh3 39. Re2 Qf5+ 40. Kd2 Qb1
41. Re1 Qa2+ 42. Kd3 Qa6+ 43. Kd2 h5 44. Ra1 Qb7 45. Qd3 g6 46. Rg1 Kg7 47. Rg3
Re4 48. Rf3 Re7 49. Rf4 Qb8 50. Kc3 a5 51. Kc2 Ra7 52. Rf1 a4 53. e4 axb3+ 54.
Kb1 b2 0-1

[Event "TCh-TUR Super League 2015"]
[Site "Kocaeli TUR"]
[Date "2015.08.14"]
[Round "12.7"]
[Board "7.5"]
[White "Ushenina, Anna"]
[Black "Nikolova, Adriana"]
[Result "1-0"]
[WhiteTitle "GM"]
[BlackTitle "WGM"]
[WhiteElo "2435"]
[BlackElo "2304"]
[WhiteTeam "T.S Alyans Satranc Sports Club"]
[BlackTeam "Kocaeli Buyuksehir Belediyesi Kagit Sports Club"]
[WhiteFideId "14110911"]
[BlackFideId "2908689"]
[EventDate "2015.08.04"]

1. d4 d5 2. c4 c6 3. Nf3 Nf6 4. Nc3 dxc4 5. a4 Bf5 6. Ne5 Nbd7 7. Nxc4 Nb6 8.
Ne5 a5 9. h4 h5 10. f3 Nfd7 11. e4 Nxe5 12. exf5 Ned7 13. d5 Qc7 14. Be2 Qg3+
15. Kf1 Qe5 16. dxc6 bxc6 17. Qc2 e6 18. fxe6 Qxe6 19. Bf4 Bd6 20. Bxd6 Qxd6 21.
Qe4+ Kf8 22. Rd1 Qc7 23. Qd4 Rh6 24. f4 Re8 25. Rh3 Rf6 26. Rf3 Rfe6 27. Rf2 Kg8
28. Bxh5 Nf6 29. Bf3 c5 30. Qd3 Re3 31. Qb5 Qe7 32. Re2 Rxe2 33. Qxe2 Qc7 34.
Qb5 Nbd7 35. g3 Rb8 36. Qc6 Qxc6 37. Bxc6 Nf8 38. Nb5 Ne6 39. f5 Nd4 40. Nxd4
cxd4 41. Rxd4 Rxb2 42. g4 Kf8 43. g5 Nh5 44. Rd8+ Ke7 45. Rd7+ Kf8 46. Ke1 Rb4
47. Ra7 Rxh4 48. Rxa5 Rc4 49. Bd5 Rf4 50. Ra8+ Ke7 51. Ra7+ Kd6 52. Bxf7 Ng3 53.
f6 gxf6 54. g6 Rg4 55. Ra6+ Ke5 56. a5 Ne4 57. Re6+ Kd4 58. Kf1 Nc5 59. Rxf6 Ke5
60. Rc6 Nb7 61. a6 Nd8 62. Rc4 Rg3 63. a7 Ra3 64. g7 Rxa7 65. g8=Q Rxf7+ 66. Ke2
Rd7 67. Qg5+ Ke6 68. Re4+ 1-0

[Event "TCh-TUR Super League 2015"]
[Site "Kocaeli TUR"]
[Date "2015.08.14"]
[Round "12.7"]
[Board "7.6"]
[White "Gundogan, Cem"]
[Black "Koksal, Ege"]
[Result "0-1"]
[BlackTitle "FM"]
[WhiteElo "2060"]
[BlackElo "2347"]
[WhiteTeam "Kocaeli Buyuksehir Belediyesi Kagit Sports Club"]
[BlackTeam "T.S Alyans Satranc Sports Club"]
[WhiteFideId "6311032"]
[BlackFideId "6317626"]
[EventDate "2015.08.04"]

1. e4 e5 2. Nf3 Nc6 3. Bc4 Bc5 4. Qe2 d6 5. c3 Nf6 6. Bb3 O-O 7. d3 Be6 8. Bc2
a6 9. h3 d5 10. Nbd2 h6 11. Nxe5 Nxe5 12. d4 Bxd4 13. cxd4 Nc6 14. Qe3 dxe4 15.
O-O Nxd4 16. Bb1 Nf5 17. Qf4 Nd6 18. f3 Nd5 19. Qe5 e3 20. Ne4 Nc4 21. Qg3 Nf6
22. Nc3 Nh5 23. Qe1 Nf4 24. b3 Qg5 25. g4 Nxh3+ 26. Kh2 Nf2 27. Rxf2 exf2 28.
Qe4 Qh4+ 29. Kg2 g6 30. Bd3 Nd6 31. Qf4 f5 32. Qxh6 Qxh6 33. Bxh6 fxg4 34. Bxf8
Rxf8 35. Kxf2 Rxf3+ 36. Ke2 Bf5 37. Rd1 Kf7 38. Nd5 Bxd3+ 39. Rxd3 Rxd3 40. Kxd3
c6 41. Nf4 Kf6 42. Kd4 g3 43. a4 Kf5 44. Ng2 Kg4 45. Ke5 Nf5 46. Ke4 Kh3 47.
Nf4+ Kh2 48. Nxg6 g2 49. Ne5 Nh4 0-1

[Event "TCh-TUR Super League 2015"]
[Site "Kocaeli TUR"]
[Date "2015.08.14"]
[Round "12.7"]
[Board "7.7"]
[White "Dedebas, Emre Emin"]
[Black "Baylav, Can"]
[Result "1/2-1/2"]
[WhiteElo "1975"]
[BlackElo "1683"]
[WhiteTeam "T.S Alyans Satranc Sports Club"]
[BlackTeam "Kocaeli Buyuksehir Belediyesi Kagit Sports Club"]
[WhiteFideId "6349005"]
[BlackFideId "6361293"]
[EventDate "2015.08.04"]

1. d4 Nf6 2. c4 g6 3. Nc3 d5 4. Nf3 Bg7 5. e3 O-O 6. Qb3 c6 7. Bd2 e6 8. Bd3
Nbd7 9. O-O dxc4 10. Bxc4 b5 11. Be2 a6 12. a4 Rb8 13. e4 b4 14. Na2 Nxe4 15.
Bf4 e5 16. dxe5 Qe7 17. Qe3 Ndc5 18. Nd4 g5 19. Bg3 Nxg3 20. hxg3 Bd7 21. Rac1
Nxa4 22. f4 c5 23. Nf3 g4 1/2-1/2

[Event "TCh-TUR Super League 2015"]
[Site "Kocaeli TUR"]
[Date "2015.08.14"]
[Round "12.7"]
[Board "7.8"]
[White "Gundogan, Sinem Cagla"]
[Black "Ozbay, Ece"]
[Result "1/2-1/2"]
[BlackTitle "WCM"]
[WhiteElo "1913"]
[BlackElo "1804"]
[WhiteTeam "Kocaeli Buyuksehir Belediyesi Kagit Sports Club"]
[BlackTeam "T.S Alyans Satranc Sports Club"]
[WhiteFideId "6325378"]
[BlackFideId "6351743"]
[EventDate "2015.08.04"]

1. e4 c5 2. Nc3 Nc6 3. g3 g6 4. Bg2 Bg7 5. d3 d6 6. Nge2 e6 7. O-O Nge7 8. f4
O-O 9. Qe1 Rb8 10. a4 a6 11. g4 f5 12. h3 Bd7 13. Ng3 Nd4 14. Qf2 b5 15. axb5
axb5 16. exf5 exf5 17. g5 Be6 18. Re1 Bf7 19. Ra6 Qd7 20. Kh2 Nec6 21. Nd5 Qc8
22. Ra7 Bxd5 23. Bxd5+ Kh8 24. Rxg7 Kxg7 25. c3 Re8 26. cxd4 Nb4 27. Rxe8 Qxe8
28. dxc5 dxc5 29. Qxc5 Nxd5 30. Qd4+ Kf8 31. Qxd5 Rc8 32. Qd6+ Kg8 33. Bd2 Rc2
34. Qb4 Qc6 35. Kg1 Qd5 36. Nf1 Qxd3 37. Be3 Re2 38. Qe7 Re1 39. Qe8+ Kg7 40.
Qe7+ Kg8 41. Qe6+ Kg7 42. Qe5+ Kg8 43. Qb8+ Kf7 44. Qc7+ Kg8 45. Qc8+ Kf7 46.
Qc7+ Kg8 47. Qc8+ Kf7 1/2-1/2

[Event "TCh-TUR Super League 2015"]
[Site "Kocaeli TUR"]
[Date "2015.08.15"]
[Round "13.1"]
[Board "1.1"]
[White "Volkov, Sergey"]
[Black "Fedorchuk, Sergey A."]
[Result "1/2-1/2"]
[WhiteTitle "GM"]
[BlackTitle "GM"]
[WhiteElo "2589"]
[BlackElo "2653"]
[WhiteTeam "Kocaeli Buyuksehir Belediyesi Kagit Sports Club"]
[BlackTeam "Kayseri Seker Sports Club"]
[WhiteFideId "4122763"]
[BlackFideId "14102536"]
[EventDate "2015.08.04"]

1. d4 Nf6 2. c4 e6 3. Nc3 Bb4 4. Nf3 b6 5. Bg5 Bb7 6. e3 h6 7. Bh4 g5 8. Bg3 Ne4
9. Qc2 f5 10. d5 Na6 11. Be5 O-O 12. O-O-O Bxc3 13. Bxc3 Nxc3 14. Qxc3 Qf6 15.
Qxf6 Rxf6 16. d6 Bxf3 1/2-1/2

[Event "TCh-TUR Super League 2015"]
[Site "Kocaeli TUR"]
[Date "2015.08.15"]
[Round "13.1"]
[Board "1.2"]
[White "Kanmazalp, Ogulcan"]
[Black "Ersahin, Bulent"]
[Result "1/2-1/2"]
[WhiteTitle "IM"]
[WhiteElo "2468"]
[BlackElo "2171"]
[WhiteTeam "Kayseri Seker Sports Club"]
[BlackTeam "Kocaeli Buyuksehir Belediyesi Kagit Sports Club"]
[WhiteFideId "6304990"]
[BlackFideId "6302670"]
[EventDate "2015.08.04"]

1. e4 c5 2. Nf3 Nc6 3. Bb5 e6 4. O-O Nge7 5. c3 a6 6. Ba4 b5 7. Bc2 Ng6 8. d4
cxd4 9. cxd4 d6 10. Nc3 Be7 11. d5 Na5 12. Nd4 O-O 13. b4 Nc4 14. Nc6 Qc7 15.
Nxe7+ Nxe7 16. Bb3 Bb7 17. dxe6 fxe6 18. Qg4 Rf6 19. Bg5 Rg6 20. Qh4 1/2-1/2

[Event "TCh-TUR Super League 2015"]
[Site "Kocaeli TUR"]
[Date "2015.08.15"]
[Round "13.1"]
[Board "1.3"]
[White "Albay, Koraycan"]
[Black "Marasli, Tutku Kahraman"]
[Result "0-1"]
[WhiteElo "1864"]
[BlackElo "2153"]
[WhiteTeam "Kocaeli Buyuksehir Belediyesi Kagit Sports Club"]
[BlackTeam "Kayseri Seker Sports Club"]
[WhiteFideId "6300766"]
[BlackFideId "6307493"]
[EventDate "2015.08.04"]

1. d4 d5 2. c4 e6 3. Nc3 Nf6 4. Bg5 c6 5. e3 Bb4 6. Bxf6 Qxf6 7. Nf3 O-O 8. Be2
Nd7 9. O-O dxc4 10. Bxc4 Bxc3 11. bxc3 e5 12. Nd2 Nb6 13. Bb3 Bf5 14. f4 exd4
15. cxd4 Rfe8 16. Qf3 Rad8 17. Rac1 a5 18. a4 Bd3 19. Rfe1 Nd5 20. e4 Qxd4+ 21.
Kh1 Nb4 22. Qh5 g6 23. Qxa5 b6 24. Qg5 Kg7 25. e5 Rd7 26. Nf1 Bxf1 27. f5 Bxg2+
28. Kxg2 Qd2+ 29. Qxd2 Rxd2+ 30. Kg3 Rd3+ 31. Kf4 0-1

[Event "TCh-TUR Super League 2015"]
[Site "Kocaeli TUR"]
[Date "2015.08.15"]
[Round "13.1"]
[Board "1.5"]
[White "Nikolova, Adriana"]
[Black "Atalik, Ekaterina"]
[Result "1/2-1/2"]
[WhiteTitle "WGM"]
[BlackTitle "IM"]
[WhiteElo "2304"]
[BlackElo "2382"]
[WhiteTeam "Kocaeli Buyuksehir Belediyesi Kagit Sports Club"]
[BlackTeam "Kayseri Seker Sports Club"]
[WhiteFideId "2908689"]
[BlackFideId "4130189"]
[EventDate "2015.08.04"]

1. e4 e5 2. Nf3 Nc6 3. Bb5 Nf6 4. O-O Nxe4 5. d4 Be7 6. dxe5 O-O 7. Qd5 Nc5 8.
Bf4 a6 9. Be2 Ne6 10. Bg3 f5 11. exf6 Bxf6 12. c3 Ne7 13. Qb3 d5 14. Nbd2 c6 15.
a4 1/2-1/2

[Event "TCh-TUR Super League 2015"]
[Site "Kocaeli TUR"]
[Date "2015.08.15"]
[Round "13.1"]
[Board "1.6"]
[White "Yurtseven, Melih"]
[Black "Gundogan, Cem"]
[Result "1-0"]
[WhiteTitle "FM"]
[WhiteElo "2299"]
[BlackElo "2060"]
[WhiteTeam "Kayseri Seker Sports Club"]
[BlackTeam "Kocaeli Buyuksehir Belediyesi Kagit Sports Club"]
[WhiteFideId "6312160"]
[BlackFideId "6311032"]
[EventDate "2015.08.04"]

1. Nf3 Nf6 2. g3 b6 3. Bg2 Bb7 4. O-O c5 5. c4 g6 6. Nc3 Bg7 7. d4 O-O 8. d5 e6
9. e4 exd5 10. cxd5 d6 11. Nd2 Ne8 12. Re1 Nd7 13. a4 f5 14. exf5 gxf5 15. Nf3
h6 16. Nh4 Ne5 17. f4 Ng4 18. Nxf5 Rxf5 19. Qxg4 Rf7 20. Re6 Bc8 21. f5 Rb8 22.
Bxh6 Nf6 23. Qg6 Qf8 24. Bxg7 Qxg7 25. Rxd6 Bxf5 26. Qxg7+ Kxg7 27. Rf1 Ne8 28.
Rc6 Bd7 29. Rxf7+ Kxf7 30. Rh6 Kg7 31. Rh5 Nd6 32. Re5 Kf6 33. Re2 a6 34. Kf2 b5
35. axb5 axb5 36. Ne4+ Nxe4+ 37. Bxe4 Ke5 38. Bf3+ Kd4 39. Rd2+ Kc4 40. g4 Re8
41. h4 Kb3 42. h5 c4 43. h6 c3 44. Bd1+ Kc4 45. bxc3 Kxc3 46. Rc2+ Kd4 47. Rc7
Bxg4 48. Bxg4 Kxd5 49. h7 Rh8 50. Bd1 Ke5 51. Bb3 Kf6 52. Bg8 1-0

[Event "TCh-TUR Super League 2015"]
[Site "Kocaeli TUR"]
[Date "2015.08.15"]
[Round "13.1"]
[Board "1.7"]
[White "Kilic, Efe Mert"]
[Black "Ozen, Deniz"]
[Result "1/2-1/2"]
[BlackTitle "FM"]
[WhiteElo "1816"]
[BlackElo "2066"]
[WhiteTeam "Kocaeli Buyuksehir Belediyesi Kagit Sports Club"]
[BlackTeam "Kayseri Seker Sports Club"]
[WhiteFideId "6354327"]
[BlackFideId "6349196"]
[EventDate "2015.08.04"]

1. e4 e5 2. Nf3 Nf6 3. Nxe5 d6 4. Nf3 Nxe4 5. Nc3 Nf6 6. d4 d5 7. Bd3 Be7 8. Bg5
O-O 9. Qd2 Be6 10. O-O Nbd7 11. Rfe1 c6 12. Ne5 Re8 1/2-1/2

[Event "TCh-TUR Super League 2015"]
[Site "Kocaeli TUR"]
[Date "2015.08.15"]
[Round "13.1"]
[Board "1.8"]
[White "Aksoy, Ayca"]
[Black "Gundogan, Sinem Cagla"]
[Result "1/2-1/2"]
[WhiteElo "1758"]
[BlackElo "1913"]
[WhiteTeam "Kayseri Seker Sports Club"]
[BlackTeam "Kocaeli Buyuksehir Belediyesi Kagit Sports Club"]
[WhiteFideId "6355978"]
[BlackFideId "6325378"]
[EventDate "2015.08.04"]

1. d4 d5 2. Nf3 Nf6 3. c4 e6 4. Nc3 c6 5. e3 Nbd7 6. Qc2 Bd6 7. Be2 O-O 8. O-O
dxc4 9. Bxc4 b5 10. Be2 Bb7 11. Ne4 Nxe4 12. Qxe4 Qc7 13. Bd3 Nf6 14. Qh4 e5 15.
Bd2 1/2-1/2

[Event "TCh-TUR Super League 2015"]
[Site "Kocaeli TUR"]
[Date "2015.08.15"]
[Round "13.2"]
[Board "2.1"]
[White "Yilmaz, Mustafa"]
[Black "Berkes, Ferenc"]
[Result "1/2-1/2"]
[WhiteTitle "GM"]
[BlackTitle "GM"]
[WhiteElo "2582"]
[BlackElo "2659"]
[WhiteTeam "Hatay Buyuksehir Belediyesi Genclik Sports Club"]
[BlackTeam "T.S Alyans Satranc Sports Club"]
[WhiteFideId "6302718"]
[BlackFideId "718572"]
[EventDate "2015.08.04"]

1. Nf3 Nf6 2. c4 e6 3. d4 b6 4. g3 Bb4+ 5. Bd2 a5 6. Bg2 Bb7 7. O-O O-O 8. Bf4
Be7 9. Qc2 Be4 10. Qc1 Bb7 11. Qc2 Be4 12. Qc1 Bb7 1/2-1/2

[Event "TCh-TUR Super League 2015"]
[Site "Kocaeli TUR"]
[Date "2015.08.15"]
[Round "13.2"]
[Board "2.2"]
[White "Haznedaroglu, Kivanc"]
[Black "Amonatov, Farrukh"]
[Result "1/2-1/2"]
[WhiteTitle "GM"]
[BlackTitle "GM"]
[WhiteElo "2451"]
[BlackElo "2592"]
[WhiteTeam "T.S Alyans Satranc Sports Club"]
[BlackTeam "Hatay Buyuksehir Belediyesi Genclik Sports Club"]
[WhiteFideId "6300634"]
[BlackFideId "14700077"]
[EventDate "2015.08.04"]

1. d4 Nf6 2. c4 g6 3. Nf3 Bg7 4. g3 O-O 5. Bg2 d6 6. O-O Nbd7 7. Qc2 e5 8. Rd1
Qe7 9. Nc3 c6 10. e4 a5 11. b3 exd4 12. Nxd4 Nc5 13. f3 Nfd7 14. Bb2 h5 15. a3
Ne5 16. Nce2 h4 17. b4 Ne6 18. Nxe6 Bxe6 19. f4 Nxc4 20. Bxg7 Kxg7 21. f5 Qf6
22. fxe6 Ne3 23. Qb3 Nxd1 24. Rxd1 axb4 25. Qxb4 Qxe6 1/2-1/2